000
00258nam a22001097a 4500
082
_a
621.89 PUA'P
100
_a
PUGH, B
_9
44838
245
_a
PRACTICAL LUBRICATION AN INTRODUCTORY TEXT
260
_a
LONDON
_b
BUTTERWORTH
_c
1970
300
_a
294P
942
_c
BK
999
_c
582105
_d
582105